LEADER 01308nam a2200325 a 4500 001 000000127381 003 CaOOAMICUS 005 20120130110808.0 008 120130s2010 it u000 u ita r 020 $a978-88-430-5504-3 040 $aPUL$bita 082 04$a193 100 1 $aConant, James.$0(OLS)http://pul/name/81248 245 10$aRileggere Wittgenstein /$cJames Conant, Cora Diamond ; a cura di Piergiorgio Donatelli. 260 $aRoma :$bCarocci,$c©2010. 300 $a318 p. ;$c22 cm. 490 1 $aFrecce ;$v100 504 $aContiene riferimenti bibliografici. 600 14$aWittgenstein, Ludwig,$d1889-1951.$0(OLS)http://pul/subject/5985 700 1 $aDiamond, Cora.$0(OLS)http://pul/name/51718 700 1 $aDonatelli, Piergiorgio.$0(OLS)http://pul/name/76239 830 0$aFrecce (Carocci) ;$v100.$0(OLS)http://pul/title/138450 850 $aPUL 852 $aPUL$W1$xSL Filosofia 3$y81$m193 CONJA 1$j147365$qDDC 21$B145999$CPULBib$Z2$F145999 $H115349 $82 941 1 $a9 996 $6020$a978-88-430-5504-3$9(OLS)http://pul/number/148720 996 $6082$a193$9(OLS)http://pul/classification/412 996 $6245$aRileggere Wittgenstein$9(OLS)http://pul/title/160960 996 $6260$aRoma :$bCarocci$9(OLS)http://pul/publisher/66917 LEADER 01570nam a2200289 a 4500 001 000000163262 003 CaOOAMICUS 005 20171010102615.0 008 171010s1997 it m 001 u spa r 032 $aLibriCat 040 $aPUL$bita 100 1 $aCerro Chaves, Francisco, vesc. di Coria-Cáceres.$0(OLS)http://pul/name/104857 245 13$aLa experiencia de Dios en el beato fray María Rafael Arnáiz Barón (1911-1938) :$bestudio teológico espiritual de su vida y escritos /$cauctore Francisco Cerro Chaves. 260 $aRoma :$bPontificia Università Gregoriana,$c1997. 300 $a98 p. ;$c24 cm. 502 $aEstratto da tesi -- Pontificia Universitas Gregoriana. Facultas theologica. Institutum spiritualis. 1997. 504 $aBibliografia in nota. 600 04$aRaphael,$cs.,$d1911-1938.$0(OLS)http://pul/subject/44957 710 2 $aPontificia Università Gregoriana.$bIstituto di spiritualità$kTesi.$0(OLS)http://pul/name/40854 850 $aPUL 852 $aPUL$W1$xDP1 Tesi Pon. Univ. Gregoriana$y40$mTH PUG 4353$j187326$qTesi$B190481$CPULBib$Z2$F190481 $H78448 $82 941 1 $a16 960 $aArnáiz Barón, Rafael$d1911-1938$944957 960 $aRaffaele Arna?iz Baro?n,? $cs.,$d1911-1938? $944957 996 $6245$aLa experiencia de Dios en el beato fray María Rafael Arnáiz Barón (1911-1938) :$bestudio teológico espiritual de su vida y escritos$9(OLS)http://pul/title/202987 996 $6260$aRoma :$bPontificia Università Gregoriana$9(OLS)http://pul/publisher/47853